000 00382nam a22001697a 4500
003 MPLRDC
005 20220104143013.0
008 210129b ||||| |||| 00| 0 eng d
082 _a240.7 HAL*
100 _a怀爱伦遗著
245 _a幸福的阶梯
_c
250 _a初版
260 _a
_b南洋时报馆
_c1952
300 _b
650 _a
942 _cBK
_o240.7 HAL*
999 _c35694
_d35684